[Event "WLS-chA 68th"]
[Site "Cardiff"]
[Date "2024.03.29"]
[Round "1"]
[White "Cave, Iwan"]
[Black "Camacho Collados, Jose"]
[Result "1/2-1/2"]
[WhiteElo "1985"]
[BlackElo "2370"]
[PlyCount "132"]
[EventDate "2024.03.29"]
[EventType "swiss"]
[EventRounds "7"]
[EventCountry "WLS"]
[SourceTitle "CB14_2024"]
[SourceDate "2024.04.01"]
[SourceVersion "1"]
[SourceVersionDate "2024.04.01"]
[SourceQuality "1"]

1. e4 e5 2. Nf3 Nc6 3. Bb5 a6 4. Ba4 Nf6 5. 0-0 b5 6. Bb3 Bc5 7. c3 d6 8. d4 Bb6 9. h3 0-0 10. Be3 Re8 11. Nbd2 h6 12. Re1 exd4 13. cxd4 Nb4 14. a3 Nd3 15. Bxf7+ Kxf7 16. Qb3+ d5 17. Qxd3 dxe4 18. Qb3+ Qd5 19. Ne5+ Kg8 20. Qxd5+ Nxd5 21. Nxe4 Bb7 22. Nd2 Nxe3 23. fxe3 Rad8 24. Ndf3 c5 25. Rad1 Rd6 26. dxc5 Bxc5 27. Kf2 Rde6 28. Rd7 Be4 29. Ng4 Bb6 30. Ngh2 Rc6 31. Nf1 Ba5 32. Re2 Rc1 33. N1d2 Rd1 34. Rd4 Bc2 35. Ne1 Bh7 36. Ndf3 Rb1 37. Rd6 Ra8 38. Nd4 Bxe1+ 39. Rxe1 Rxb2+ 40. Re2 Rxe2+ 41. Kxe2 Be4 42. g3 Ra7 43. Rb6 Bd5 44. g4 Bc4+ 45. Kf3 Rf7+ 46. Nf5 a5 47. Kg3 Bd3 48. Nd6 Re7 49. Kf2 Re5 50. Ra6 Re6 51. Ra8+ Kh7 52. Nf5 Rf6 53. Rxa5 g6 54. Ra7+ Kg8 55. Rd7 Bxf5 56. gxf5 Rxf5+ 57. Kg3 Rc5 58. Rb7 Kf8 59. Kf4 Rf5+ 60. Kg4 h5+ 61. Kg3 g5 62. Rh7 h4+ 63. Kg4 Re5 64. Rh5 Rxe3 65. Rxg5 Rxa3 66. Rxb5 Ra4+ 1/2-1/2

[Event "South Wales op 18th"]
[Site "Bridgend"]
[Date "2023.07.12"]
[Round "9"]
[White "Maton, Emily"]
[Black "Cave, Iwan"]
[Result "1-0"]
[WhiteElo "1844"]
[BlackElo "1864"]
[PlyCount "93"]
[EventDate "2023.07.07"]
[EventType "swiss"]
[EventRounds "9"]
[EventCountry "WLS"]
[SourceTitle "CBM 215 Extra"]
[Source "ChessBase"]
[SourceDate "2023.09.30"]
[SourceVersion "1"]
[SourceVersionDate "2023.09.30"]
[SourceQuality "1"]

1. c4 Nf6 2. Nc3 e6 3. g3 d5 4. cxd5 exd5 5. d4 Be7 6. Bg2 0-0 7. Nf3 c6 8. 0-0 Re8 9. Re1 Bf5 10. Bf4 Nbd7 11. Rc1 Bf8 12. Nh4 Bg4 13. Nf3 h6 14. a3 Rc8 15. h3 Bf5 16. b4 a5 17. Qb3 axb4 18. axb4 Qe7 19. b5 Qb4 20. Qxb4 Bxb4 21. bxc6 Rxc6 22. Bd2 Ba3 23. Rcd1 Rec8 24. Nb5 Ra8 25. Ra1 Rca6 26. Nc7 Ne4 27. Nxa8 Nxd2 28. Nc7 Nxf3+ 29. Bxf3 Bb2 30. Nxa6 Bxa1 31. Rxa1 bxa6 32. Rxa6 Nf6 33. Rd6 Kf8 34. g4 Be6 35. Ra6 g5 36. Bg2 h5 37. f3 hxg4 38. hxg4 Kg7 39. e3 Ng8 40. Kf2 Ne7 41. Kg3 Ng8 42. f4 Nf6 43. fxg5 Ng8 44. e4 dxe4 45. Bxe4 Ne7 46. Rd6 Bc4 47. d5 1-0

[Event "South Wales op 18th"]
[Site "Bridgend"]
[Date "2023.07.09"]
[Round "5"]
[White "Cave, Iwan"]
[Black "Harandi, Kamran"]
[Result "1-0"]
[WhiteElo "1864"]
[BlackElo "1291"]
[PlyCount "59"]
[EventDate "2023.07.07"]
[EventType "swiss"]
[EventRounds "9"]
[EventCountry "WLS"]
[SourceTitle "CBM 215 Extra"]
[Source "ChessBase"]
[SourceDate "2023.09.30"]
[SourceVersion "1"]
[SourceVersionDate "2023.09.30"]
[SourceQuality "1"]

1. d4 d5 2. c4 e6 3. Nf3 Nf6 4. g3 c6 5. Bg2 Nbd7 6. 0-0 Be7 7. b3 0-0 8. Nc3 a6 9. a4 c5 10. e3 b6 11. Ne5 Bb7 12. cxd5 exd5 13. Nd3 Rc8 14. dxc5 bxc5 15. Nf4 Qc7 16. Nfxd5 Nxd5 17. Nxd5 Bxd5 18. Qxd5 Rfd8 19. Bb2 Nf6 20. Qc4 Qb6 21. Be5 Rd7 22. Bh3 Rdd8 23. Bxc8 Rxc8 24. Rfd1 Qc6 25. Bxf6 Bxf6 26. Ra2 a5 27. Rad2 h6 28. Rd7 Rf8 29. R1d6 Qf3 30. Qxc5 1-0

[Event "South Wales op 18th"]
[Site "Bridgend"]
[Date "2023.07.09"]
[Round "4"]
[White "McKenna, Joshua"]
[Black "Cave, Iwan"]
[Result "1/2-1/2"]
[WhiteElo "1600"]
[BlackElo "1864"]
[PlyCount "49"]
[EventDate "2023.07.07"]
[EventType "swiss"]
[EventRounds "9"]
[EventCountry "WLS"]
[SourceTitle "CBM 215 Extra"]
[Source "ChessBase"]
[SourceDate "2023.09.30"]
[SourceVersion "1"]
[SourceVersionDate "2023.09.30"]
[SourceQuality "1"]

1. e4 e5 2. Nf3 Nf6 3. Nxe5 d6 4. Nf3 Nxe4 5. d4 d5 6. Bd3 Nc6 7. 0-0 Be7 8. Nbd2 Nf6 9. c3 0-0 10. Re1 Re8 11. Ne5 Bd6 12. Ndf3 h6 13. Nxc6 bxc6 14. Rxe8+ Qxe8 15. h3 c5 16. Be3 c4 17. Bc2 Ne4 18. Nd2 f5 19. Nxe4 fxe4 20. f3 Qg6 21. Qe2 Bxh3 22. fxe4 Qg3 23. e5 Bg4 24. Qf2 Qxf2+ 25. Bxf2 1/2-1/2

[Event "South Wales op 18th"]
[Site "Bridgend"]
[Date "2023.07.07"]
[Round "2"]
[White "Cave, Iwan"]
[Black "Jones, J."]
[Result "1-0"]
[WhiteElo "1864"]
[BlackElo "1534"]
[PlyCount "53"]
[EventDate "2023.07.07"]
[EventType "swiss"]
[EventRounds "9"]
[EventCountry "WLS"]
[SourceTitle "CBM 215 Extra"]
[Source "ChessBase"]
[SourceDate "2023.09.30"]
[SourceVersion "1"]
[SourceVersionDate "2023.09.30"]
[SourceQuality "1"]

1. d4 Nf6 2. c4 g6 3. Nc3 Bg7 4. e4 d6 5. Nf3 0-0 6. Be2 b6 7. 0-0 Bb7 8. Qc2 c6 9. Rd1 Qc7 10. Bf4 Nh5 11. Be3 Nd7 12. Rac1 Rac8 13. Qd2 Rfd8 14. Bg5 Bf6 15. Nh4 Ng7 16. d5 Nc5 17. Bxf6 exf6 18. b4 Nd7 19. dxc6 Qxc6 20. Nd5 Re8 21. Bg4 Ne6 22. Qh6 Rcd8 23. Rd3 Ng5 24. Bxd7 Rxd7 25. Nxf6+ Kh8 26. Nxe8 f6 27. Qf8# 1-0

[Event "South Wales op 18th"]
[Site "Bridgend"]
[Date "2023.07.07"]
[Round "1"]
[White "Korneev, Oleg"]
[Black "Cave, Iwan"]
[Result "1-0"]
[WhiteElo "2474"]
[BlackElo "1864"]
[PlyCount "63"]
[EventDate "2023.07.07"]
[EventType "swiss"]
[EventRounds "9"]
[EventCountry "WLS"]
[SourceTitle "CBM 215 Extra"]
[Source "ChessBase"]
[SourceDate "2023.09.30"]
[SourceVersion "1"]
[SourceVersionDate "2023.09.30"]
[SourceQuality "1"]

1. e4 e5 2. Nf3 Nf6 3. d4 Nxe4 4. Bd3 d5 5. dxe5 Be7 6. 0-0 Nc5 7. Nc3 c6 8. Nd4 Nxd3 9. Qxd3 0-0 10. Qg3 Bh4 11. Qf4 Be7 12. Re1 Re8 13. Bd2 Bf8 14. Rad1 g6 15. Qg3 Bg7 16. Bg5 Qb6 17. Bf6 Be6 18. Bxg7 Kxg7 19. Nce2 Nd7 20. Nf4 Qd8 21. c4 Qe7 22. cxd5 cxd5 23. Nxd5 Qc5 24. b4 Qc4 25. Nxe6+ Rxe6 26. Nf4 Re7 27. Qh4 Nb6 28. Qf6+ Kg8 29. Nxg6 hxg6 30. Qxe7 Qxa2 31. e6 Rf8 32. Qxf8+ 1-0

[Event "Daventry 4NCL op-A 30th"]
[Site "Daventry"]
[Date "2023.06.18"]
[Round "5"]
[White "Banerjee, Supratit"]
[Black "Cave, Iwan"]
[Result "1/2-1/2"]
[WhiteElo "1887"]
[BlackElo "1828"]
[PlyCount "81"]
[EventDate "2023.06.16"]
[EventType "swiss"]
[EventRounds "5"]
[EventCountry "ENG"]
[SourceTitle "CBM 214 Extra"]
[Source "ChessBase"]
[SourceDate "2023.07.31"]
[SourceVersion "1"]
[SourceVersionDate "2023.07.31"]
[SourceQuality "1"]

1. e4 c5 2. c3 Nf6 3. e5 Nd5 4. d4 cxd4 5. cxd4 d6 6. Nf3 Nc6 7. Bc4 Nb6 8. Bb5 dxe5 9. Nxe5 Bd7 10. Nxd7 Qxd7 11. Nc3 e6 12. Be3 Be7 13. 0-0 0-0 14. Qd2 Rfd8 15. Rfd1 Rac8 16. Rac1 a6 17. Bxc6 Rxc6 18. Qe2 Nd5 19. Qf3 Nxc3 20. Rxc3 Rdc8 21. Rxc6 Rxc6 22. g3 Rd6 23. Kg2 Bf6 24. Qe4 Rd5 25. Rc1 h6 26. Rc4 Bd8 27. Rc5 Rd6 28. Rc2 Bb6 29. Rc4 Ba7 30. Qc2 Rc6 31. Rxc6 Qd5+ 32. Kg1 bxc6 33. b3 Bxd4 34. Bxd4 Qxd4 35. Qxc6 Qa1+ 36. Kg2 Qxa2 37. Qa8+ Kh7 38. Qe4+ Kg8 39. Qa8+ Kh7 40. Qe4+ g6 41. Qf4 1/2-1/2

[Event "Leamington Spa 4NCL op-A 28th"]
[Site "Leamington Spa"]
[Date "2022.07.10"]
[Round "4"]
[White "Cave, Iwan"]
[Black "Richmond, Jane"]
[Result "0-1"]
[WhiteElo "1642"]
[BlackElo "2067"]
[PlyCount "150"]
[EventDate "2022.07.08"]
[EventType "swiss"]
[EventRounds "5"]
[EventCountry "ENG"]
[SourceTitle "CBM 209 Extra"]
[Source "ChessBase"]
[SourceDate "2022.09.30"]
[SourceVersion "1"]
[SourceVersionDate "2022.09.30"]
[SourceQuality "1"]

1. e4 e5 2. Nf3 Nc6 3. Bb5 Nge7 4. c3 a6 5. Ba4 d6 6. d4 Ng6 7. h4 Be7 8. g3 h5 9. Qd3 Bd7 10. Be3 b5 11. Bc2 exd4 12. cxd4 Nb4 13. Qc3 Nxc2+ 14. Qxc2 c5 15. Nbd2 Rc8 16. Bg5 Bg4 17. d5 Bf6 18. Rc1 0-0 19. 0-0 Re8 20. Rfe1 Qe7 21. b3 c4 22. Bxf6 Qxf6 23. Qc3 Qxc3 24. Rxc3 cxb3 25. Rxb3 f5 26. Nd4 fxe4 27. Rbe3 Re5 28. N2b3 Rxd5 29. Rxe4 Re5 30. f3 Bd7 31. f4 Rxe4 32. Rxe4 Rc4 33. Re2 Kf7 34. Kf2 Kf6 35. Rd2 Ne7 36. Rd3 Bg4 37. Nd2 Ra4 38. Ne4+ Kg6 39. a3 Nf5 40. Nxf5 Rxe4 41. Ne3 Re6 42. Rd5 Kf7 43. f5 Rf6 44. Ke1 Bh3 45. Kd2 g6 46. fxg6+ Kxg6 47. Kc3 Bd7 48. Kd4 Kh6 49. Nc2 Rg6 50. Nb4 a5 51. Nd3 Bc6 52. Rf5 Rxg3 53. Nf4 Rxa3 54. Rxh5+ Kg7 55. Ne6+ Kf6 56. Rh6+ Ke7 57. Ng7 Ra4+ 58. Kc3 Rc4+ 59. Kb2 Be4 60. Rh5 Rc5 61. Rxc5 dxc5 62. Nh5 Ke6 63. Nf4+ Ke5 64. Ne2 Bd3 65. Nc3 b4 66. Na4 Kd4 67. h5 c4 68. h6 c3+ 69. Ka2 Bh7 70. Nb6 Bg8+ 71. Kb1 b3 72. Na4 Kc4 73. Nb6+ Kd3 74. Na4 Kd2 75. Nb2 c2+ 0-1